| 000 | 00598nam a2200217 4500 | ||
|---|---|---|---|
| 001 | 00028670 | ||
| 005 | 20260330112008.0 | ||
| 008 | 260330b ag ||||| |||| 00| 0 spa d | ||
| 020 | _a8475308511 | ||
| 040 |
_aAR-CcCEOS _bspa _cAR-CcCEOS |
||
| 041 | _aspa | ||
| 080 | _a820-3(73) | ||
| 090 | _bSTE | ||
| 100 | 1 |
_aSteinbeck, John, _d1902-1968 _9991 |
|
| 245 |
_aAl este del edén I / _cJohn Steinbeck |
||
| 264 |
_aArgentina : _bOrbis, _cc1984. |
||
| 300 |
_a309 p. ; _c20x12 cm. |
||
| 490 | _vBiblioteca Grandes Éxitos | ||
| 655 | 0 |
_aliteratura inglesa _vnovela _9904 |
|
| 942 |
_2udc _n0 _cBK |
||
| 999 |
_c28703 _d28703 |
||